-Land- Länder - Statistiken

Allgemein
  • Dieses Quiz wurde 544 mal gespielt
    530 seit der letzten Aktualisierung
  • Das Durchschnittsergebnis liegt bei 10 aus 13
Antwortstatistiken
-land Land % Korrekt
Deutschland
96%
Russland
83%
Finnland
82%
Irland
82%
Estland
81%
Island
79%
Lettland
78%
Griechenland
75%
Thailand
66%
Neuseeland
65%
Niederlande
59%
Weißrussland
57%
Swasiland
54%
Keine übereinstimmenden Quizze gefunden
Verteilung der Resultate
Anzahl Personen mit jedem Resultat
Perzentil nach korrekt beantworteten Fragen
Ihre Resultats-Entwicklung
Sie haben dieses Quiz seit der letzten Aktualisierung nicht gespielt